Příběhy z parní lázně

Bibliographic Details
Main Author: Schwarz, Herbert T., 1921- (Author)
Other Authors: Simerová, Lucie (Translator), Horváth, Juraj (Illustrator)
Format: Book
Language:Czech
English
PhysicalDescription:119 s. ilustr. 24 cm
Published: Praha Argo 2001
ISBN:8072032569
Edition:Dotl. 1. vyd.
Subjects:

MARC

LEADER 00000nam a2200000 a 4500
001 vtls011545607
003 SK-MaSNL
005 20260301225349.0
008 240318s2001 xr a e 000 j cze
015 |a SNBZSA2016 
020 |a 8072032569  |q (viazané) 
035 |a F20A465A-8C15-408C-B804-C9484F4C4C90 
035 |a urn:nbn:sk:snk-amtgm3 
035 |a urn:nbn:sk:snk-am00c1yt 
040 |a SNK  |b slo  |c SNK  |e AACR2 
041 1 |a cze  |h eng 
043 |a n-cn--- 
044 |a xr  |c CZ 
072 7 |a 821.111-3  |x Anglická próza, anglicky písaná  |2 konspekt 
080 |a 258/259.2  |2 2011 
080 |a 613.88  |2 2011 
080 |a 2-264  |2 2011 
080 |a 821.111(71)-32  |2 2011 
100 1 |a Schwarz, Herbert T.,  |d 1921-  |4 aut  |9 618840 
240 1 0 |a Tales from the Smokehouse  |l Česky 
245 1 0 |a Příběhy z parní lázně  |c Herbert T. Schwarz ; [z angličtiny přeložila Lucie Simerová ; ilustroval ... Juraj Horváth] 
250 |a Dotl. 1. vyd. 
260 |a Praha  |b Argo  |c 2001 
300 |a 119 s.  |b ilustr.  |c 24 cm 
504 |a Bibliogr.: s. 117-118 
650 0 7 |a indiánska mytológia  |2 SNKPH  |9 78988 
650 0 7 |a American Indian mythology  |2 SNKPHeng  |9 341417 
650 0 7 |a erotika  |2 SNKPH  |9 3764 
650 0 7 |a Erotica  |2 SNKPHeng  |9 275803 
650 0 7 |a Myths and legends  |2 SNKPHeng  |9 339898 
650 0 7 |a mýty a legendy  |2 SNKPH  |9 49844 
655 7 |a kanadské príbehy (anglicky)  |2 SNKPH  |9 82142 
655 7 |a Canadian stories (english)  |2 SNKPHeng  |9 339147 
700 1 |a Simerová, Lucie  |4 trl  |9 583362 
700 1 |a Horváth, Juraj  |4 ill  |9 6430 
919 |a 80-7203-256-9 
958 |a ZS 
958 |a NB 
999 |c 950614  |d 952544 
952 |a SNK  |b SNK  |y PREZ  |7 0  |p 17A1194675  |o snkSC 170285  |i snk2016/11741  |8 4  |g 6.85  |0 0  |1 0  |4 0  |d 2016-04-15  |f 1  |l 0  |r 2025-09-08 00:00:00  |w 2026-02-24